[Event "P-4363"]
[Site "IECC email"]
[Date "2007.09.06"]
[Round "?"]
[White "Broyles, Jack"]
[Black "Brousek, Jiri"]
[Result "0-1"]
[WhiteElo "2079"]
[BlackElo "2349"]
[PlyCount "53"]
[EventDate "2007.??.??"]
[EventType "tourn (corr)"]
[SourceTitle "Telechess CBM 147"]
[Source "ChessBase"]
[SourceDate "2012.03.16"]
[SourceVersion "1"]
[SourceVersionDate "2012.03.16"]
[SourceQuality "1"]

1. e4 e6 2. d4 d5 3. Nc3 Nf6 4. Bg5 Be7 5. e5 Nfd7 6. Bxe7 Qxe7 7. Qh5 0-0 8. f4 c5 9. Nf3 cxd4 10. Nxd4 Nc6 11. 0-0-0 Nxd4 12. Rxd4 f6 13. exf6 Nxf6 14. Qf3 Qc5 15. Rd1 Bd7 16. Bd3 b5 17. Ne2 a5 18. Rhe1 a4 19. g4 a3 20. b3 e5 21. fxe5 Ne4 22. Qh3 Rac8 23. Rf1 Be6 24. Bxe4 dxe4 25. Rxf8+ Rxf8 26. Qc3 Qf2 27. Nd4 0-1

[Event "IECC Swiss-520.2"]
[Site "IECC email"]
[Date "2007.07.30"]
[Round "?"]
[White "De Bruin, Peter"]
[Black "Broyles, Jack"]
[Result "0-1"]
[WhiteElo "1655"]
[BlackElo "2086"]
[PlyCount "92"]
[EventDate "2007.??.??"]
[EventType "swiss (corr)"]
[EventRounds "1"]
[SourceTitle "Corr 2020"]
[Source "ChessBase"]
[SourceDate "2019.09.30"]
[SourceVersion "1"]
[SourceVersionDate "2019.09.30"]
[SourceQuality "1"]
[WhiteTeam "United States"]
[BlackTeam "England"]
[WhiteTeamCountry "USA"]
[BlackTeamCountry "ENG"]

1. d4 Nf6 2. Nf3 d5 3. e3 e6 4. Bd3 c5 5. b3 Nc6 6. 0-0 Be7 7. Ne5 cxd4 8. Nxc6 bxc6 9. exd4 Qc7 10. Nc3 e5 11. dxe5 Qxe5 12. Qe1 Ng4 13. Qxe5 Nxe5 14. Be2 0-0 15. Bb2 f6 16. Na4 Bf5 17. f4 Nd7 18. Bd4 Be4 19. c3 Rfe8 20. Bh5 g6 21. Bg4 f5 22. Be2 Bf8 23. Rfe1 Kf7 24. Rad1 Bd6 25. g3 Re7 26. Nb2 h6 27. Rd2 g5 28. Nd3 gxf4 29. Nxf4 Bxf4 30. Bh5+ Ke6 31. gxf4 c5 32. Bf2 Nf6 33. Be2 Rg8+ 34. Bg3 h5 35. Kf1 h4 36. Bxh4 Rg2 37. Bf2 Rxh2 38. Bf3 Reh7 39. Re3 Kd6 40. b4 c4 41. Rde2 Bxf3 42. Rxf3 Ne4 43. Bxa7 Nd2+ 44. Rxd2 Rxd2 45. Rf2 Rxf2+ 46. Kxf2 Rxa7 0-1

[Event "IECC CL2-2007.10 email"]
[Site "IECC email"]
[Date "2007.06.29"]
[Round "?"]
[White "Stilman, Eduardo"]
[Black "Broyles, Jack"]
[Result "1-0"]
[WhiteElo "2046"]
[BlackElo "2097"]
[PlyCount "82"]
[EventDate "2007.??.??"]
[EventType "tourn (corr)"]
[EventRounds "4"]
[SourceTitle "Corr 2011"]
[Source "ChessBase"]
[SourceDate "2010.08.31"]
[SourceVersion "1"]
[SourceVersionDate "2010.08.31"]
[SourceQuality "1"]
[WhiteTeam "Italy"]
[BlackTeam "Chile"]
[WhiteTeamCountry "ITA"]
[BlackTeamCountry "CHI"]

1. e4 d5 2. exd5 Nf6 3. d4 Nxd5 4. Nf3 g6 5. c4 Nb6 6. Nc3 Bg7 7. c5 Nd5 8. Bc4 c6 9. 0-0 0-0 10. Re1 Bg4 11. Qb3 Bxf3 12. Qxb7 Nd7 13. gxf3 Bxd4 14. Nxd5 cxd5 15. Qxd5 Bxc5 16. Bh6 e6 17. Qe4 Re8 18. Rad1 Qc7 19. Bf4 e5 20. Bg5 Nb6 21. Bb3 a5 22. a3 a4 23. Ba2 Qc8 24. Rc1 Ra5 25. Be3 Kg7 26. Qh4 Qc6 27. f4 Nd7 28. Bxf7 Kxf7 29. Qxh7+ Kf6 30. h4 Nf8 31. fxe5+ Rxe5 32. Bg5+ Rxg5+ 33. hxg5+ Kxg5 34. Qh2 Qd7 35. Re5+ Kf6 36. Rexc5 Rxc5 37. Rxc5 Ne6 38. Qh8+ Ke7 39. Qh7+ Kd8 40. Qxd7+ Kxd7 41. Rc4 Kd6 1-0